| 000 | 01394nam0a2200337 i 4500 | ||
|---|---|---|---|
| 001 | RU\NLR\BIBL_A\010025146 | ||
| 005 | 20241115062841.0 | ||
| 010 |
_a9785222222447 _92500 |
||
| 021 |
_aRU _b2013-96520 _96697 |
||
| 035 | _a(NILC)RuMoRGB-006705876 | ||
| 035 | _a(NLR Aleph) 010025146 | ||
| 090 |
_a9921160 _c9921160 |
||
| 100 | _a20140127d2014 u y0rusy50 ca | ||
| 101 | 0 | _arus | |
| 102 | _aRU | ||
| 105 | _aa|||j||||||y| | ||
| 200 | 1 |
_aСоциология управления _eучебное пособие для студентов высших учебных заведений _f[С. И. Самыгин и др.] _gотв. ред. С. И. Самыгин |
|
| 210 |
_aРостов-на-Дону _cФеникс _d2014 |
||
| 215 |
_a318 с. _cил. _d21 |
||
| 225 | 1 | _aСерия "Высшее образование" | |
| 320 | _aБиблиогр. в конце гл. | ||
| 606 |
_aУправление _jУчебные издания для высших учебных заведений _xСоциология _9919449 _3RU\NLR\AUTH\6617808 |
||
| 675 | _a316.354:351/354(075.8) | ||
| 686 | 1 | _aС550.373я73 | |
| 701 | 1 |
_7ca _8rus _aСамыгин _bС. И. _f1952- _gСергей Иванович _954613 _3RU\NLR\AUTH\7771685 |
|
| 801 | 0 |
_aRU _bRuMoRKP _c20131202 _gRCR |
|
| 801 | 2 |
_aRU _bРГБ _c20131212 _grcr |
|
| 942 | _cBOOK | ||
| 980 | _aNBR | ||